[Event "Satu Mare op 2nd"]
[Site "Satu Mare"]
[Date "2011.07.15"]
[Round "1"]
[White "Doros, Doru Lucian"]
[Black "Chereches, Marius"]
[Result "0-1"]
[WhiteElo "1776"]
[BlackElo "2280"]
[PlyCount "108"]
[EventDate "2011.07.15"]
[EventType "swiss"]
[EventRounds "9"]
[EventCountry "ROU"]
[SourceTitle "CBM 143 Extra"]
[Source "ChessBase"]
[SourceDate "2011.08.29"]
[SourceVersion "1"]
[SourceVersionDate "2011.08.29"]
[SourceQuality "1"]

1. e4 c5 2. c4 e6 3. Nc3 Ne7 4. f4 d5 5. cxd5 exd5 6. e5 Nbc6 7. Nf3 d4 8. Ne4 Nd5 9. d3 Be7 10. Be2 f6 11. 0-0 0-0 12. Bd2 Be6 13. Rc1 b6 14. Qe1 Qd7 15. Qg3 Kh8 16. exf6 gxf6 17. Nh4 Rg8 18. Qf2 f5 19. Ng5 Nxf4 20. Nf7+ Bxf7 21. Bxf4 Bxa2 22. Bf3 Bd5 23. Rce1 Bxf3 24. Nxf3 Bf6 25. Ne5 Nxe5 26. Rxe5 Rg6 27. Re2 Re8 28. Rxe8+ Qxe8 29. Re1 Qc6 30. Be5 Kg7 31. g3 Bxe5 32. Rxe5 Re6 33. Qxf5 Rxe5 34. Qxe5+ Qf6 35. Qc7+ Qf7 36. Qe5+ Kg6 37. h4 Qf3 38. Qe8+ Qf7 39. Qe5 Qf5 40. Qe8+ Kf6 41. Qd8+ Ke5 42. Qb8+ Kd5 43. Qa8+ Kd6 44. Qb8+ Kc6 45. b3 Qf7 46. Qh8 Kb5 47. g4 Kb4 48. g5 Qf5 49. Qg8 Qg4+ 50. Kf1 Qf3+ 51. Kg1 Qg3+ 52. Kf1 Qxd3+ 53. Kg2 Qe4+ 54. Kh3 d3 0-1

[Event "ROM-ch U10 Boys"]
[Site "Voineasa"]
[Date "2008.04.17"]
[Round "8"]
[White "Acsinte, Matei Ionut"]
[Black "Doros, Doru Lucian"]
[Result "0-1"]
[WhiteElo "628"]
[BlackElo "461"]
[PlyCount "54"]
[EventDate "2008.04.08"]
[EventType "swiss"]
[EventRounds "9"]
[EventCountry "ROU"]
[SourceTitle "EXT 2013"]
[Source "ChessBase"]
[SourceDate "2012.11.22"]
[SourceVersion "1"]
[SourceVersionDate "2012.11.22"]
[SourceQuality "1"]

1. e4 d5 2. exd5 Qxd5 3. Nc3 Qd6 4. d4 Nf6 5. Nf3 a6 6. g3 Bg4 7. h3 Bxf3 8. Qxf3 Nc6 9. Be3 g6 10. 0-0-0 Bg7 11. Qg2 0-0 12. f4 Rab8 13. g4 b5 14. f5 Qd7 15. Be2 b4 16. Bf3 bxc3 17. Bxc6 Rxb2 18. Ba4 Rfb8 19. Bb3 Qa4 20. Rd3 Qa3 21. Kd1 Rb1+ 22. Ke2 Rxh1 23. Rxc3 Qb2 24. Rxc7 Qb1 25. Bf2 Bh6 26. g5 Bxg5 27. Qxg5 Qd1+ 0-1

[Event "ROM-ch U10 Boys"]
[Site "Voineasa"]
[Date "2008.04.14"]
[Round "4"]
[White "Doros, Doru Lucian"]
[Black "Enache, Daniel"]
[Result "1-0"]
[WhiteElo "461"]
[BlackElo "401"]
[PlyCount "75"]
[EventDate "2008.04.08"]
[EventType "swiss"]
[EventRounds "9"]
[EventCountry "ROU"]
[SourceTitle "EXT 2013"]
[Source "ChessBase"]
[SourceDate "2012.11.22"]
[SourceVersion "1"]
[SourceVersionDate "2012.11.22"]
[SourceQuality "1"]

1. e4 c6 2. Nf3 d5 3. Nc3 Bg4 4. exd5 cxd5 5. Bb5+ Nc6 6. d3 e6 7. Bf4 Bd6 8. Bxd6 Qxd6 9. 0-0 Nf6 10. Bxc6+ bxc6 11. d4 0-0 12. Qd3 Rab8 13. b3 c5 14. dxc5 Qxc5 15. Na4 Qc7 16. h3 Bf5 17. Qd4 Bxc2 18. Rfc1 Rfe8 19. Qb2 e5 20. Rxc2 Qe7 21. Re1 e4 22. Nd4 Qd7 23. Nc5 Qc8 24. Nxe4 Qa6 25. Nxf6+ Qxf6 26. Rxe8+ Rxe8 27. Nb5 Qf4 28. Rc1 a6 29. Nc7 Rc8 30. Qc3 d4 31. Qc4 Qd6 32. Qc6 Qxc6 33. Rxc6 d3 34. Kf1 d2 35. Ke2 Rd8 36. Kd1 Kf8 37. Rc2 Ke7 38. Nxa6 1-0

[Event "ROM-ch U10 Boys"]
[Site "Voineasa"]
[Date "2008.04.13"]
[Round "2"]
[White "Doros, Doru Lucian"]
[Black "Dalidis, Constantin"]
[Result "1/2-1/2"]
[WhiteElo "461"]
[BlackElo "650"]
[PlyCount "84"]
[EventDate "2008.04.08"]
[EventType "swiss"]
[EventRounds "9"]
[EventCountry "ROU"]
[SourceTitle "EXT 2013"]
[Source "ChessBase"]
[SourceDate "2012.11.22"]
[SourceVersion "1"]
[SourceVersionDate "2012.11.22"]
[SourceQuality "1"]

1. e4 e5 2. Nf3 Nc6 3. Nc3 Nf6 4. Bb5 Bc5 5. 0-0 d6 6. d4 exd4 7. Nxd4 Bd7 8. Bxc6 Bxc6 9. Re1 0-0 10. Nf5 Bd7 11. Qf3 Bxf5 12. exf5 Re8 13. Bg5 Rxe1+ 14. Rxe1 Bb4 15. Rf1 Bxc3 16. Qxc3 b6 17. Re1 h6 18. Bh4 Kh7 19. Qc4 Qd7 20. Qd3 Re8 21. Rf1 Qa4 22. Bxf6 gxf6 23. Qc3 Qd7 24. Qxf6 Re5 25. g4 Qe7 26. Qxe7 Rxe7 27. c3 Re4 28. h3 Re2 29. Rb1 Kg7 30. Kg2 Kf6 31. Kf3 Rc2 32. Kg3 h5 33. f3 hxg4 34. fxg4 Kg5 35. h4+ Kf6 36. h5 Kg5 37. Rh1 Kh6 38. g5+ Kh7 39. h6 Re2 40. g6+ fxg6 41. fxg6+ Kh8 42. g7+ Kh7 1/2-1/2